| 000 | 00348nam a2200133Ia 4500 | ||
|---|---|---|---|
| 008 | 240624s9999 xx 000 0 und d | ||
| 041 | _aeng | ||
| 082 | _a338.91 RAM | ||
| 100 | _aRAMALINGAM BEN | ||
| 245 | _aAID ON THE ADGE OF CHAOS RETHINKING INTE | ||
| 260 |
_c2013 _aUnited Kingdom _bOxford |
||
| 300 | _axxiii, 440 p.; 23 cm. | ||
| 365 |
_c _b38 |
||
| 999 |
_c30462 _d30462 |
||